Statistiques concernant Buteurs Manchester City LDC 2022/23

Cliquez ici pour prendre le quiz!

Statistiques générales

  • Ce quiz a été pris 241 fois
  • Le résultat moyen est 9 sur 12

Statistiques - réponses

Nombre de butButeur% Correct
12Erling Haaland
99%
2Kevin de Bruyne
95%
2Rodri
92%
3Bernardo Silva
90%
1Phil Foden
88%
3Julian Alvarez
82%
3Riyad Mahrez
76%
1Ruben Dias
74%
1Ilkay Gundogan
72%
1John Stones
70%
1Manuel Akanji
60%
1Rico Lewis
30%

Distribution des résultats

Percentile par nombre de réponses

% des personnes avec chaque résultat

Votre développement - résultats

Vous n’avez pas pris ce quiz